000 00292nam a22001337a 4500
008 170310b xxu||||| |||| 00| 0 eng d
020 _a9780071599757
041 _aeng
080 _26 ED
_a616.5
100 _a7
101 _aSHM
245 _aCLINICAL DERMATOLOGY
_cWOLFF.K
942 _2udc
_cBK
999 _c7482
_d7482